Fußball: U21 Deutschland, EM-Kader Titelgewinn 2009 - Statistiken

Allgemein
  • Dieses Quiz wurde 323 mal gespielt
  • Das Durchschnittsergebnis liegt bei 10 aus 24
Antwortstatistiken
Position Verein
damals
Spieler % Korrekt
Torwart Schalke Manuel Neuer
94%
Abwehr Hamburg Jerome Boateng
86%
Abwehr Dortmund Mats Hummels
85%
Mittelfeld Bremen Mesut Özil
73%
Sturm Duisburg Chinedu Ede
63%
Mittelfeld Stuttgart Sami Khedira
62%
Abwehr Schalke Benedikt Höwedes
56%
Sturm Duisburg Sandro Wagner
52%
Torwart Hannover Florian Fromlowitz
45%
Abwehr Dortmund Marcel Schmelzer
43%
Torwart Lautern Tobias Sippel
43%
Abwehr Hoffenheim Andreas Beck
42%
Trainer - Horst Hrubesch
39%
Abwehr Hamburg Dennis Aogo
38%
Mittelfeld Gladbach Marko Marin
37%
Mittelfeld Leverkusen Gonzalo Castro
21%
Sturm Wolfsburg Ashkan Dejagah
19%
Abwehr Bremen Sebastian Boenisch
17%
Mittelfeld Duisburg Änis Ben-Hatira
15%
Mittelfeld Hertha Patrick Ebert
15%
Mittelfeld Wolfsburg Daniel Adlung
11%
Mittelfeld 1860 Fabian Johnson
10%
Mittelfeld Bochum Dennis Grote
9%
Abwehr Freiburg Daniel Schwaab
3%
Keine übereinstimmenden Quizze gefunden
Verteilung der Resultate
Anzahl Personen mit jedem Resultat
Perzentil nach korrekt beantworteten Fragen
Ihre Resultats-Entwicklung
Sie haben dieses Quiz noch nicht gespielt